000 00306nam a22001337a 4500
008 171006b xxu||||| |||| 00| 0 eng d
020 _a0028970896
041 _aeng
080 _a 159.9
100 _a49
101 _aPSI
245 _aHANDBOOK OF EDUCATIONAL PSYCHOLOGY
_cBERLINER.D.C
942 _2udc
_cBK
999 _c32407
_d32407